00721nam a2200205 a 450000100060000000300080000600500170001400800410003103500190007204000260009104100080011708200240012524500650014926000530021430000250026750400360029250501460032865000210047470000200049570526BD-RjUL20211209082018.0170418s1959 nyua 001 0 eng d a(BD-RjUL)70740 aBD-RjULbengcBD-RjUL aeng a547.7223bCHE 195904aThe chemistry of natural products /cedited by K. W. Bentley aNew York :bInterscience Publishers, Inc.,c1959 avol. :bill ;c24 cm aIncludes bibliography and index0 av. 2(Mono-and Sesquiterpenoids/ by P. De. Mayo)-- v.3(The higher Terpenoids/ by P. De. Mayo)--V. 4, (The natural pigments / by k.w. bently)-- 0aNatural products aBentley, K. W.